Champions des champions mondiaux de l'Equipe - Statistiques

Statistiques générales
  • Ce quiz a été pris 58 fois
  • Le résultat moyen est 22 sur 40
Statistiques - réponses
Réponse % Correct
Usain Bolt
100%
Lionel Messi
98%
Rafael Nadal
94%
Rafel Nadal Roger Federer
94%
Roger Federer
94%
Novak Djokovic
93%
Zinédine Zidane
91%
Lewis Hamilton
85%
Serena Williams
85%
Michael Schumacher
83%
Renaud Lavillenie
83%
Tiger Woods
81%
Ayrton Senna
74%
Diego Maradona
74%
Michael Jordan
72%
Andre Agassi
70%
Sergueï Bubka
67%
Sergueï Bubka
67%
Iga Świątek
63%
Simone Biles
63%
Carl Lewis
61%
Romário
52%
Greg LeMond
48%
Ben Johnson
43%
Michael Johnson
43%
Paolo Rossi
43%
Jonathan Edwards
39%
Hicham El Guerrouj
37%
Marcel Hirscher
37%
Katie Ledecky
33%
Florence Griffith-Joyner
24%
Sebastian Coe
20%
Elaine Thompson-Herah
19%
Marte Olsbu Røiseland
17%
Noureddine Morceli
15%
Alberto Juantorena
13%
Eric Heiden
11%
Henry Rono
2%
Rosemarie Ackermann
2%
John Walker
0%
Aucun quiz correspondant
Distribution des résultats
% des personnes avec chaque résultat
Percentile par nombre de réponses
Votre historique - résultats
Vous n’avez pas pris ce quiz